| 000 | 00577nam a22001937a 4500 | ||
|---|---|---|---|
| 999 |
_c10632 _d10632 |
||
| 003 | AR-CdUCM | ||
| 008 | 190401b ||||| |||| 00| 0 spa d | ||
| 040 |
_aMUNICIPALIDAD PROVINCIAL DEL CUSCO _cBIBLIOTECA MUNICIPAL DEL CUSCO |
||
| 082 |
_aES / 800 / _bD66 |
||
| 100 |
_aDickens, Charles _9500 |
||
| 245 | _aAventuras de Oliver Twist / | ||
| 260 |
_aLima : _bFondo editorial navarrete, |
||
| 300 |
_a128 paginas ; _c15 cm. |
||
| 505 | _aContenido :Oliver Twist. | ||
| 650 |
_aLiteratura peruana _9169 |
||
| 650 |
_aBiografĂas _9148 |
||
| 942 |
_2ddc _cLIBROS |
||
| 945 | _arum | ||